Qu'étudient ces science sociales ? - Statistiques

Statistiques générales
  • Ce quiz a été pris 311 fois
  • Le résultat moyen est 5 sur 13
Statistiques - réponses
Sciences sociales Objets % Correct
Politologie Le politique
95%
Sociologie La société
74%
Musicologie La musique
62%
Histoire Le passé
51%
Urbanisme La ville
50%
Anthropologie Humain
47%
Démographie Population
45%
Pédagogie Éducation
31%
Économie Production/Distribution/Échange/Consommation
12%
Sociolinguistique Le langage
11%
Criminologie La criminalité
8%
Géographie Les espaces
6%
Ethnologie Les cultures
4%
Aucun quiz correspondant
Distribution des résultats
% des personnes avec chaque résultat
Percentile par nombre de réponses
Votre historique - résultats
Vous n’avez pas pris ce quiz